| 000 | 00860cam a22002538a 4500 | ||
|---|---|---|---|
| 001 | 15669643 | ||
| 005 | 20100219084204.0 | ||
| 008 | 090323s2009 enk |r 000 0 eng | ||
| 010 | _a 2009012320 | ||
| 020 | _a9780749456436 | ||
| 040 |
_aDLC _cDLC |
||
| 050 | 0 | 0 |
_aHF5438.25 _b.D457 2009 |
| 082 | 0 | 0 |
_a658.85 _222 _bDEN |
| 100 | 1 |
_aDenny, Richard, _d1944- _911693 |
|
| 245 | 1 | 0 |
_aSelling to Win / _cRichard Denny. |
| 250 | _a3rd ed. | ||
| 260 |
_aLondon ; _aPhiladelphia : _bKogan Page, 2009 _c2009. |
||
| 263 | _a0910 | ||
| 300 |
_a201p. ; _c23 cm. |
||
| 650 | 0 |
_aSelling. _911694 |
|
| 942 |
_2ddc _cBB |
||
| 999 |
_c13465 _d13465 |
||